书目信息 |
| 题名: |
线性电路习题指南
|
|
| 作者: | 王宝锐 编著 | |
| 分册: | ||
| 出版信息: | 北京 人民邮电出版社 1985 |
|
| 页数: | 581页 | |
| 开本: | 20cm | |
| 丛书名: | ||
| 单 册: | ||
| 中图分类: | TM131 | |
| 科图分类: | ||
| 主题词: | 电路理论 , 线性电路--习题 | |
| 电子资源: | ||
| ISBN: | ||
| 000 | 00694nam0 2200241 45 | |
| 001 | 0185020282 | |
| 005 | 20060522105010.92 | |
| 010 | @dCNY3.20 | |
| 091 | @a15045.总2942-有5381 | |
| 100 | @a19900923d1985 em y0chiy0121 ea | |
| 101 | 0 | @achi |
| 102 | @aCN@b110000 | |
| 105 | @ay zq 000yy | |
| 200 | 10 | @a线性电路习题指南@Axian xing dian lu xi ti zhi nan@f王宝锐编著@Fwang bao rui bian zhu |
| 210 | @a北京@c人民邮电出版社@d1985 | |
| 215 | @a581页@d20cm | |
| 606 | 0 | @a电路理论 |
| 606 | @a线性电路@x习题 | |
| 690 | @aTM131 | |
| 701 | 0 | @a王宝锐@Awang bao rui@4编著 |
| 801 | 2 | @aCN@bNLC@c20060522 |
| 801 | 0 | @aCN@b深圳图书馆@c20040521 |
| 905 | @f3@b138585-587@f3@b138589-591@dTM131@e111 | |
| 线性电路习题指南/王宝锐编著.-北京:人民邮电出版社,1985 |
| 581页;20cm |
| ISBN :CNY3.20 |
| ● |
| 相关链接 |
|
|
|
|
正题名:线性电路习题指南
索取号:TM131/111
 
预约/预借
| 序号 | 登录号 | 条形码 | 馆藏地/架位号 | 状态 | 备注 |
| 1 | 0138585 | 001343932 | 第三借阅区/ [索取号:TM131/111] | 在馆 | |
| 2 | 0138586 | 001343852 | 第三借阅区/ [索取号:TM131/111] | 在馆 | |
| 3 | 0138587 | 001343665 | 第三借阅区/ [索取号:TM131/111] | 在馆 | |
| 4 | 0138588 | 202366670 | 密集书库/ [索取号:TM131/111] | 在馆 | |
| 5 | 0138589 | 001343898 | 第三借阅区/ [索取号:TM131/111] | 在馆 | |
| 6 | 0138590 | 001343978 | 第三借阅区/ [索取号:TM131/111] | 在馆 | |
| 7 | 0138591 | 001343629 | 第三借阅区/ [索取号:TM131/111] | 在馆 | |
| 8 | 0138592 | 202107718 | 第二样本阅览室/ [索取号:TM131/111] | 在馆 |